| 000 | 00555cam2a220020500 4500 | ||
|---|---|---|---|
| 001 | zam00003416 | ||
| 008 | 951128s1976 xx eng u | ||
| 035 | _a(Sirsi) r20744 | ||
| 035 | _a(MACHINE)SLC. | ||
| 100 | 1 |
_aDale, P. S. _6A82189.1 |
|
| 245 | 1 | 0 |
_aLanguage development : _bstructure and function. |
| 260 | _c1976. | ||
| 949 |
_aP118 _wlcc _mMAIN _tBOOK _lON-SHELF |
||
| 004 | 20744 | ||
| 591 | _aClass code: E 939. | ||
| 591 | _aCourse: Psycholinguistics. | ||
| 591 | _aLecturer: Dr. MPEPO, V.M. | ||
| 591 | _aSchool: S05. | ||
| 909 | _aBook | ||
| 999 |
_c172302 _d172302 |
||